000 00759naa a2200145 i 4500
003 KOSZ 005
005 20180419090823.0
008 180419s1997 pl |100 0 pol d
040 _aKOSZ 005/HR
_cKOSZ 005/HR
100 1 _aPARTACZ, Czesław.
_bWyższa Szkoła Inżynierska w Koszalinie - Instytut Zarządzania i Marketingu,
_cKatedra Nauk Humanistycznych.
_d 1979 - 1996.
245 1 0 _aPrzyszłość Niemiec i Polski w Europie /
_cCzesław Partacz.
655 0 _aMateriały konferencyjne.
773 0 _iW :
_tPolska, Niemcy, Ukraina w Europie : uwarunkowania, założenia i przesłanki wzajemnej współpracy / pod red. Włodzimierza Bonusiaka. -
_d Rzeszów : Wydaw. Wyższej Szkoły Pedagogicznej, 1996. -
_gs. 91-94
_z8386246189
942 _2UKD
_cROZ
999 _c10266
_d10266